[Event "World Chess Olympiad 2018"]
[Site "Batumi"]
[Date "2018.09.28"]
[Round "5"]
[Board "2"]
[WhiteFideId "10700099"]
[White "Rowe Peter"]
[BlackFideId "9202609"]
[Black "Abo Moliana Montasar"]
[Result "0-1"]
[LiveChessVersion "1.4.8"]
[BlackElo "1993"]
[WhiteElo "1951"]

1. d4 {[%clk 1:30:45]} c5 {[%clk 1:30:50]} 2. d5 {[%clk 1:30:44]} Nf6
{[%clk 1:31:14]} 3. Nc3 {[%clk 1:31:01]} g6 {[%clk 1:31:23]} 4. e4
{[%clk 1:29:24]} d6 {[%clk 1:31:44]} 5. h3 {[%clk 1:27:31]} Bg7 {[%clk 1:31:59]}
6. Nf3 {[%clk 1:27:19]} O-O {[%clk 1:32:04]} 7. Be2 {[%clk 1:27:34]} e6
{[%clk 1:31:56]} 8. O-O {[%clk 1:27:50]} exd5 {[%clk 1:30:02]} 9. exd5
{[%clk 1:27:51]} Na6 {[%clk 1:30:04]} 10. Bg5 {[%clk 1:25:25]} h6
{[%clk 1:29:17]} 11. Bh4 {[%clk 1:24:57]} Nc7 {[%clk 1:28:35]} 12. Qd2
{[%clk 1:23:34]} Re8 {[%clk 1:25:52]} 13. Rfe1 {[%clk 1:17:36]} Rb8
{[%clk 1:22:56]} 14. Nb5 {[%clk 1:06:15]} g5 {[%clk 1:15:11]} 15. Nxc7
{[%clk 0:54:54]} Qxc7 {[%clk 1:15:35]} 16. Bg3 {[%clk 0:54:19]} Ne4
{[%clk 1:15:49]} 17. Qc1 {[%clk 0:48:56]} Nxg3 {[%clk 1:13:53]} 18. fxg3
{[%clk 0:49:18]} g4 {[%clk 1:14:08]} 19. hxg4 {[%clk 0:45:09]} Bxg4
{[%clk 1:13:39]} 20. Qf4 {[%clk 0:43:38]} f5 {[%clk 1:09:30]} 21. Bb5
{[%clk 0:41:08]} Rxe1+ {[%clk 0:51:19]} 22. Rxe1 {[%clk 0:41:22]} Bxf3
{[%clk 0:51:39]} 23. gxf3 {[%clk 0:37:30]} Qa5 {[%clk 0:50:19]} 24. Re8+
{[%clk 0:36:53]} Rxe8 {[%clk 0:50:37]} 25. Bxe8 {[%clk 0:37:11]} Qe1+
{[%clk 0:51:02]} 0-1

[Event "World Chess Olympiad 2018"]
[Site "Batumi"]
[Date "2018.09.28"]
[Round "5"]
[Board "3"]
[WhiteFideId "9205365"]
[White "Naser Eldean Ahmed"]
[BlackFideId "10700366"]
[Black "Nevska Gerda"]
[Result "1-0"]
[LiveChessVersion "1.4.8"]
[BlackElo "1819"]
[WhiteElo "1906"]

1. e4 {[%clk 1:30:55]} c5 {[%clk 1:29:43]} 2. Nc3 {[%clk 1:31:14]} a6
{[%clk 9:37:21]} 3. g3 {[%clk 1:31:17]} b5 {[%clk 1:29:01]} 4. Bg2
{[%clk 1:31:19]} Bb7 {[%clk 1:28:11]} 5. d3 {[%clk 1:31:07]} g6 {[%clk 1:27:51]}
6. Be3 {[%clk 1:30:40]} d6 {[%clk 1:24:15]} 7. Qd2 {[%clk 1:30:35]} Bg7
{[%clk 1:23:47]} 8. Nf3 {[%clk 1:30:51]} b4 {[%clk 1:23:22]} 9. Nd1
{[%clk 1:31:11]} Nf6 {[%clk 1:18:45]} 10. Bh6 {[%clk 1:31:23]} Bxh6
{[%clk 1:15:20]} 11. Qxh6 {[%clk 1:31:42]} Nbd7 {[%clk 1:13:57]} 12. Ne3
{[%clk 1:31:41]} Qc7 {[%clk 1:10:44]} 13. Ng5 {[%clk 1:29:07]} Ne5
{[%clk 0:58:40]} 14. h3 {[%clk 1:27:20]} Rf8 {[%clk 0:56:26]} 15. O-O
{[%clk 1:16:00]} O-O-O {[%clk 0:56:18]} 16. f4 {[%clk 1:16:13]} Nc6
{[%clk 0:45:09]} 17. c3 {[%clk 1:14:37]} Ng8 {[%clk 0:24:24]} 18. Qg7
{[%clk 1:14:06]} e6 {[%clk 0:22:45]} 19. f5 {[%clk 1:00:49]} exf5
{[%clk 0:19:40]} 20. exf5 {[%clk 1:00:49]} d5 {[%clk 0:19:03]} 21. Kh2
{[%clk 0:57:42]} Qe5 {[%clk 0:13:30]} 22. Qxe5 {[%clk 0:54:19]} Nxe5
{[%clk 0:13:58]} 23. Nxh7 {[%clk 0:54:32]} Rfe8 {[%clk 0:13:47]} 24. fxg6
{[%clk 0:54:02]} fxg6 {[%clk 0:13:31]} 25. Rad1 {[%clk 0:52:50]} d4
{[%clk 0:08:48]} 26. Nc4 {[%clk 0:47:59]} Bxg2 {[%clk 0:08:55]} 27. Kxg2
{[%clk 0:48:16]} Nxc4 {[%clk 0:08:23]} 28. dxc4 {[%clk 0:48:42]} dxc3
{[%clk 0:06:25]} 29. Rxd8+ {[%clk 0:48:56]} Rxd8 {[%clk 0:06:51]} 30. bxc3
{[%clk 0:49:12]} bxc3 {[%clk 0:07:13]} 31. Rc1 {[%clk 0:49:28]} Rd2+
{[%clk 0:05:10]} 32. Kf3 {[%clk 0:49:28]} Rxa2 {[%clk 0:04:27]} 33. Rxc3
{[%clk 0:49:50]} Ra1 {[%clk 0:04:23]} 34. Ke4 {[%clk 0:48:01]} Ne7
{[%clk 0:03:16]} 35. Ke5 {[%clk 0:47:43]} Kd7 {[%clk 0:01:18]} 36. Nf8+
{[%clk 0:46:14]} Kc6 {[%clk 0:01:29]} 37. Kf6 {[%clk 0:46:22]} Rf1+
{[%clk 0:01:11]} 38. Kxe7 {[%clk 0:46:45]} a5 {[%clk 0:01:23]} 39. Nxg6
{[%clk 0:47:06]} Ra1 {[%clk 0:00:42]} 40. h4 {[%clk 1:17:30]} a4 {[%clk 0:31:09]}
41. Kf7 {[%clk 1:16:23]} Kb6 {[%clk 0:30:05]} 42. h5 {[%clk 1:16:13]} Ka5
{[%clk 0:30:19]} 43. h6 {[%clk 1:16:35]} Kb4 {[%clk 0:29:18]} 44. Rf3
{[%clk 1:16:28]} 1-0

[Event "World Chess Olympiad 2018"]
[Site "Batumi"]
[Date "2018.09.28"]
[Round "5"]
[Board "1"]
[WhiteFideId "5901871"]
[White "Michaelides Konstantinos"]
[BlackFideId "10002235"]
[Black "Mdoe Yusuf"]
[Result "1-0"]
[LiveChessVersion "1.4.8"]
[BlackElo "1771"]
[WhiteElo "2209"]

1. d4 {[%clk 1:30:50]} d5 {[%clk 1:30:48]} 2. c4 {[%clk 1:30:49]} c6
{[%clk 1:30:59]} 3. cxd5 {[%clk 1:30:38]} cxd5 {[%clk 1:31:06]} 4. Bf4
{[%clk 1:30:40]} Nf6 {[%clk 1:30:02]} 5. Nc3 {[%clk 1:30:47]} a6 {[%clk 1:29:28]}
6. e3 {[%clk 1:29:28]} g6 {[%clk 1:29:32]} 7. h3 {[%clk 1:28:35]} Bg7
{[%clk 1:29:49]} 8. Bd3 {[%clk 1:28:04]} Bd7 {[%clk 1:28:22]} 9. Nf3
{[%clk 1:27:04]} Nc6 {[%clk 1:28:10]} 10. O-O {[%clk 1:26:20]} O-O
{[%clk 1:28:12]} 11. Rc1 {[%clk 1:24:58]} b5 {[%clk 1:27:20]} 12. a4
{[%clk 1:23:24]} b4 {[%clk 1:21:25]} 13. Nb1 {[%clk 1:23:29]} Qb6
{[%clk 1:21:06]} 14. Nbd2 {[%clk 1:23:11]} Rac8 {[%clk 1:17:04]} 15. Nb3
{[%clk 1:21:57]} Rfd8 {[%clk 1:10:53]} 16. Nc5 {[%clk 1:20:43]} a5
{[%clk 1:08:53]} 17. Qe2 {[%clk 1:10:32]} Be8 {[%clk 1:00:20]} 18. Ba6
{[%clk 1:03:30]} Ra8 {[%clk 1:00:11]} 19. Bb7 {[%clk 1:01:10]} Ra7
{[%clk 0:59:09]} 20. Qb5 {[%clk 0:59:47]} Rxb7 {[%clk 0:28:42]} 21. Nxb7
{[%clk 0:59:09]} Qa7 {[%clk 0:27:51]} 22. Nxd8 {[%clk 0:58:05]} Nxd4
{[%clk 0:27:32]} 23. Qd3 {[%clk 0:51:41]} Nxf3+ {[%clk 0:27:40]} 24. gxf3
{[%clk 0:52:09]} Qd7 {[%clk 0:25:29]} 25. Kg2 {[%clk 0:48:46]} Qxd8
{[%clk 0:18:18]} 26. b3 {[%clk 0:48:10]} Qb6 {[%clk 0:16:26]} 27. Rc8
{[%clk 0:46:29]} e5 {[%clk 0:14:45]} 28. Bg3 {[%clk 0:36:00]} Qe6
{[%clk 0:15:05]} 29. Rfc1 {[%clk 0:35:54]} Bf8 {[%clk 0:14:29]} 30. Rxe8
{[%clk 0:33:18]} Nxe8 31. Qb5 {[%clk 0:29:48]} e4 {[%clk 0:13:32]} 32. f4
{[%clk 0:29:30]} Nd6 {[%clk 0:12:28]} 33. Qxa5 {[%clk 0:28:05]} d4
{[%clk 0:12:23]} 34. exd4 {[%clk 0:27:38]} Qxb3 {[%clk 0:12:14]} 35. Qa6
{[%clk 0:15:42]} Qf3+ {[%clk 0:12:42]} 36. Kh2 {[%clk 0:13:35]} e3
{[%clk 0:10:17]} 37. Qf1 {[%clk 0:06:32]} Nf5 {[%clk 0:08:02]} 38. Qg2
{[%clk 0:05:48]} Qe2 {[%clk 0:07:32]} 39. fxe3 {[%clk 0:34:53]} Qxe3
{[%clk 0:36:26]} 40. Re1 {[%clk 0:25:29]} Qxd4 {[%clk 0:36:14]} 41. Qf2
{[%clk 0:23:05]} Qc4 {[%clk 0:34:10]} 42. a5 {[%clk 0:13:48]} Bd6
{[%clk 0:34:00]} 43. Qb2 {[%clk 0:10:19]} Qd3 {[%clk 0:33:29]} 44. Re8+
{[%clk 0:10:35]} Bf8 {[%clk 0:29:55]} 45. Bf2 {[%clk 0:08:03]} Qf3
{[%clk 0:26:56]} 46. Rxf8+ {[%clk 0:07:36]} Kxf8 {[%clk 0:26:18]} 47. Qxb4+
{[%clk 0:07:39]} Kg7 {[%clk 0:24:26]} 48. Qd2 {[%clk 0:07:21]} Ne7
{[%clk 0:09:43]} 49. a6 {[%clk 0:03:09]} Nd5 {[%clk 0:09:11]} 50. a7
{[%clk 0:02:59]} Nc7 {[%clk 0:05:04]} 51. Qd4+ {[%clk 0:01:54]} Kh6
{[%clk 0:03:49]} 52. Be3 {[%clk 0:01:08]} f5 {[%clk 0:01:24]} 53. Bf2
{[%clk 0:01:15]} Na8 {[%clk 0:01:01]} 54. Qd2 {[%clk 0:01:13]} Nc7 55. Qe3
{[%clk 0:02:42]} Qxe3 {[%clk 0:01:31]} 56. Bxe3 {[%clk 0:03:12]} Kg7
{[%clk 0:01:29]} 57. Kg3 {[%clk 0:02:51]} Kf7 {[%clk 0:01:42]} 58. Bd4
{[%clk 0:02:46]} h6 {[%clk 0:01:25]} 59. Kf3 {[%clk 0:02:54]} g5 {[%clk 0:01:05]}
60. fxg5 {[%clk 0:02:00]} hxg5 {[%clk 0:01:30]} 61. Be5 {[%clk 0:01:15]} Na8
{[%clk 0:01:53]} 62. Ke3 {[%clk 0:01:34]} Ke6 {[%clk 0:01:32]} 63. Kd4
{[%clk 0:01:51]} Kd7 {[%clk 0:00:37]} 64. Bf6 {[%clk 0:01:40]} 1-0

[Event "World Chess Olympiad 2018"]
[Site "Batumi"]
[Date "2018.09.28"]
[Round "5"]
[Board "2"]
[WhiteFideId "10002324"]
[White "Njau Albert"]
[BlackFideId "5900328"]
[Black "Constantinou Pavlos"]
[Result "0-1"]
[LiveChessVersion "1.4.8"]
[BlackElo "2114"]
[WhiteElo "1716"]

1. Nf3 {[%clk 1:30:48]} c5 {[%clk 1:30:41]} 2. g3 {[%clk 1:30:55]} g6
{[%clk 1:30:46]} 3. Bg2 {[%clk 1:31:06]} Bg7 {[%clk 1:31:12]} 4. O-O
{[%clk 1:30:57]} Nf6 {[%clk 1:31:29]} 5. d3 {[%clk 1:30:56]} d5 {[%clk 1:30:33]}
6. Nbd2 {[%clk 1:30:06]} O-O {[%clk 1:25:49]} 7. Re1 {[%clk 1:29:24]} Nc6
{[%clk 1:25:02]} 8. c3 {[%clk 1:27:21]} b6 {[%clk 1:21:47]} 9. e4
{[%clk 1:23:54]} dxe4 {[%clk 1:14:22]} 10. dxe4 {[%clk 1:23:58]} Bb7
{[%clk 0:59:43]} 11. Qc2 {[%clk 1:22:23]} Qd7 {[%clk 0:53:22]} 12. Bf1
{[%clk 1:13:14]} Ng4 {[%clk 0:49:06]} 13. h3 {[%clk 0:59:12]} Nge5
{[%clk 0:47:59]} 14. Nxe5 {[%clk 0:58:21]} Nxe5 {[%clk 0:46:51]} 15. f4
{[%clk 0:58:27]} Nc6 {[%clk 0:47:01]} 16. Nf3 {[%clk 0:54:31]} e5
{[%clk 0:42:29]} 17. Be3 {[%clk 0:51:45]} exf4 {[%clk 0:41:26]} 18. Rad1
{[%clk 0:51:30]} Qe7 {[%clk 0:40:27]} 19. gxf4 {[%clk 0:48:01]} Rad8
{[%clk 0:38:30]} 20. Kf2 {[%clk 0:41:49]} Rfe8 {[%clk 0:31:37]} 21. e5
{[%clk 0:35:52]} Qe6 {[%clk 0:30:23]} 22. Ng5 {[%clk 0:34:44]} Qxa2
{[%clk 0:19:51]} 23. Ra1 {[%clk 0:27:42]} Qd5 {[%clk 0:20:17]} 24. Red1
{[%clk 0:24:18]} Qh1 {[%clk 0:20:36]} 25. Kg3 {[%clk 0:23:50]} Ne7
{[%clk 0:11:09]} 26. Bc4 {[%clk 0:21:33]} Nf5+ {[%clk 0:11:20]} 27. Qxf5
{[%clk 0:16:55]} Qg2+ {[%clk 0:10:59]} 28. Kh4 {[%clk 0:17:10]} gxf5 29. Bxf7+
{[%clk 0:14:34]} Kh8 {[%clk 0:08:50]} 30. Rg1 {[%clk 0:11:16]} Qe2
{[%clk 0:05:32]} 31. Rae1 {[%clk 0:10:51]} Qxb2 {[%clk 0:04:41]} 32. Bh5
{[%clk 0:03:55]} Re7 0-1

[Event "World Chess Olympiad 2018"]
[Site "Batumi"]
[Date "2018.09.28"]
[Round "5"]
[Board "3"]
[WhiteFideId "5900077"]
[White "Savva Panikos"]
[BlackFideId "10002251"]
[Black "Mlawa Hemed"]
[Result "1-0"]
[LiveChessVersion "1.4.8"]
[BlackElo "1828"]
[WhiteElo "2062"]

1. d4 {[%clk 1:30:49]} d5 {[%clk 1:30:50]} 2. c4 {[%clk 1:31:04]} e6
{[%clk 1:31:12]} 3. Nc3 {[%clk 1:31:20]} Nf6 {[%clk 1:31:30]} 4. Bg5
{[%clk 1:31:31]} Be7 {[%clk 1:31:49]} 5. e3 {[%clk 1:31:52]} O-O {[%clk 1:32:08]}
6. Nf3 {[%clk 1:32:14]} h6 {[%clk 1:32:29]} 7. Bh4 {[%clk 1:32:20]} b6
{[%clk 1:32:47]} 8. Rc1 {[%clk 1:31:52]} Bb7 {[%clk 1:27:38]} 9. Bxf6
{[%clk 1:32:08]} Bxf6 {[%clk 1:28:00]} 10. cxd5 {[%clk 1:32:31]} exd5
{[%clk 1:27:46]} 11. b4 {[%clk 1:32:44]} Qe7 {[%clk 1:14:11]} 12. Qb3
{[%clk 1:19:38]} c5 {[%clk 0:53:53]} 13. bxc5 {[%clk 1:02:36]} bxc5
{[%clk 0:53:53]} 14. Nxd5 {[%clk 0:59:53]} Bxd5 {[%clk 0:53:47]} 15. Qxd5
{[%clk 1:00:18]} cxd4 {[%clk 0:53:52]} 16. Qxa8 {[%clk 0:45:59]} Qb4+
{[%clk 0:53:34]} 17. Nd2 {[%clk 0:44:12]} dxe3 {[%clk 0:53:55]} 18. fxe3
{[%clk 0:43:48]} Rd8 {[%clk 0:54:10]} 19. Rd1 {[%clk 0:42:39]} Bc3
{[%clk 0:54:14]} 20. Be2 {[%clk 0:42:40]} Bxd2+ {[%clk 0:54:36]} 21. Kf2
{[%clk 0:36:39]} Bxe3+ {[%clk 0:19:26]} 22. Kxe3 {[%clk 0:29:20]} Qc5+
{[%clk 0:19:12]} 23. Kf3 {[%clk 0:29:27]} Re8 {[%clk 0:19:33]} 24. Rd3
{[%clk 0:20:46]} Qf5+ {[%clk 0:13:38]} 25. Kg3 {[%clk 0:21:08]} Qe5+
{[%clk 0:13:54]} 26. Kh3 {[%clk 0:20:18]} Qe6+ {[%clk 0:12:18]} 27. Bg4
{[%clk 0:19:07]} f5 {[%clk 0:12:45]} 28. Qd5 {[%clk 0:19:21]} fxg4+
{[%clk 0:10:53]} 29. Kg3 {[%clk 0:18:21]} Qxd5 {[%clk 0:10:28]} 30. Rxd5
{[%clk 0:18:44]} Nc6 {[%clk 0:10:48]} 31. Rc1 {[%clk 0:15:45]} Re6
{[%clk 0:08:10]} 32. Kxg4 {[%clk 0:12:45]} Rg6+ {[%clk 0:07:48]} 33. Kh3
{[%clk 0:11:30]} Re6 {[%clk 0:07:23]} 34. g3 {[%clk 0:10:46]} Kh7
{[%clk 0:07:00]} 35. a3 {[%clk 0:09:25]} a5 {[%clk 0:04:05]} 36. Rc4
{[%clk 0:05:16]} g5 {[%clk 0:03:21]} 37. Kg2 {[%clk 0:04:11]} Kg6
{[%clk 0:03:03]} 38. Rdc5 {[%clk 0:03:19]} Ne5 {[%clk 0:03:19]} 39. Re4
{[%clk 0:03:04]} Kf5 {[%clk 0:03:35]} 40. Re3 {[%clk 0:32:45]} a4
{[%clk 0:33:55]} 41. Ra5 {[%clk 0:30:49]} g4 {[%clk 0:33:17]} 42. Rxa4
{[%clk 0:30:33]} Rb6 {[%clk 0:29:10]} 43. Rf4+ {[%clk 0:30:19]} Ke6
{[%clk 0:29:34]} 44. Rfe4 {[%clk 0:30:23]} Rb2+ {[%clk 0:29:39]} 45. Re2
{[%clk 0:30:40]} Rxe2+ {[%clk 0:28:47]} 46. Rxe2 {[%clk 0:31:04]} Kd5
{[%clk 0:28:40]} 47. Rxe5+ {[%clk 0:31:16]} 1-0

[Event "World Chess Olympiad 2018"]
[Site "Batumi"]
[Date "2018.09.28"]
[Round "5"]
[Board "4"]
[WhiteFideId "10001670"]
[White "Hassuji Nurdin"]
[BlackFideId "5902355"]
[Black "Damianou Ioannis"]
[Result "0-1"]
[LiveChessVersion "1.4.8"]
[BlackElo "2008"]
[WhiteElo "1766"]

1. e4 {[%clk 1:30:54]} e5 {[%clk 1:30:34]} 2. Nf3 {[%clk 1:31:20]} Nc6
{[%clk 1:31:02]} 3. Bb5 {[%clk 1:31:32]} a6 {[%clk 1:31:26]} 4. Ba4
{[%clk 1:31:58]} Nf6 {[%clk 1:31:51]} 5. O-O {[%clk 1:32:08]} Nxe4
{[%clk 1:32:12]} 6. d4 {[%clk 1:30:59]} b5 {[%clk 1:32:36]} 7. Bb3
{[%clk 1:31:16]} d5 {[%clk 1:33:00]} 8. dxe5 {[%clk 1:29:36]} Be6
{[%clk 1:33:25]} 9. c3 {[%clk 1:23:16]} Be7 {[%clk 1:31:42]} 10. Bf4
{[%clk 1:22:09]} g5 {[%clk 1:26:41]} 11. Be3 {[%clk 1:14:20]} Kf8
{[%clk 1:19:11]} 12. Nbd2 {[%clk 1:07:44]} Kg7 {[%clk 1:08:10]} 13. Nxe4 dxe4
{[%clk 1:06:09]} 14. Bxe6 {[%clk 0:52:47]} exf3 {[%clk 1:04:55]} 15. Qxf3
{[%clk 0:41:59]} Nxe5 {[%clk 1:04:37]} 16. Bd4 {[%clk 0:41:00]} Qxd4
{[%clk 1:01:51]} 17. Qxa8 {[%clk 0:34:00]} Qd6 {[%clk 1:01:12]} 18. Bc8
{[%clk 0:31:30]} Ng4 {[%clk 0:41:29]} 19. g3 {[%clk 0:24:06]} c6 {[%clk 0:35:44]}
20. Qxa6 {[%clk 0:21:06]} Ne5 {[%clk 0:35:27]} 21. Bb7 {[%clk 0:18:09]} Rb8
{[%clk 0:29:30]} 22. Rad1 {[%clk 0:12:31]} Qc7 {[%clk 0:29:39]} 23. Bxc6
{[%clk 0:11:25]} Nxc6 {[%clk 0:26:02]} 24. Rd5 {[%clk 0:10:18]} Rb6
{[%clk 0:23:29]} 25. Qa8 {[%clk 0:05:27]} Rb8 {[%clk 0:17:29]} 26. Qa6
{[%clk 0:05:44]} Rb6 {[%clk 0:13:25]} 27. Qa8 {[%clk 0:06:07]} Ne5
{[%clk 0:08:54]} 28. Rfd1 {[%clk 0:04:57]} Rb8 {[%clk 0:08:20]} 29. Qa6
{[%clk 0:04:52]} Bc5 {[%clk 0:07:51]} 30. b4 {[%clk 0:03:39]} Bb6
{[%clk 0:07:33]} 31. Rxb5 {[%clk 0:01:45]} Qc6 {[%clk 0:06:22]} 32. Qa4
{[%clk 0:00:38]} Ra8 {[%clk 0:04:05]} 33. Rd6 {[%clk 0:00:00]} 0-1

[Event "World Chess Olympiad 2018"]
[Site "Batumi"]
[Date "2018.09.28"]
[Round "5"]
[Board "1"]
[WhiteFideId "15900711"]
[White "Tromp Hubert Randolf"]
[BlackFideId "22600078"]
[Black "Barcon Harmon"]
[Result "0-1"]
[LiveChessVersion "1.4.8"]
[BlackElo "1896"]
[WhiteElo "1674"]

1. d4 {[%clk 1:30:56]} d5 {[%clk 1:30:58]} 2. c4 {[%clk 1:31:01]} e6
{[%clk 1:31:18]} 3. Nc3 {[%clk 1:31:22]} Nf6 {[%clk 1:31:36]} 4. cxd5
{[%clk 1:31:31]} exd5 {[%clk 1:32:02]} 5. Bg5 {[%clk 1:31:52]} Be7
{[%clk 1:32:15]} 6. e3 {[%clk 1:32:07]} c6 {[%clk 1:32:34]} 7. Bd3
{[%clk 1:32:28]} O-O {[%clk 1:32:33]} 8. Nge2 {[%clk 1:31:46]} Nbd7
{[%clk 1:32:39]} 9. O-O {[%clk 1:30:21]} Re8 {[%clk 1:32:49]} 10. Qc2
{[%clk 1:29:16]} Nf8 {[%clk 1:33:11]} 11. Bxf6 {[%clk 1:27:44]} Bxf6
{[%clk 1:33:31]} 12. b4 {[%clk 1:28:12]} Be7 {[%clk 1:33:05]} 13. Rab1
{[%clk 1:24:54]} Bd6 {[%clk 1:33:17]} 14. Ng3 {[%clk 1:12:44]} Re6
{[%clk 1:29:32]} 15. Nce2 {[%clk 1:10:04]} Qh4 {[%clk 1:27:08]} 16. h3
{[%clk 1:06:46]} Rh6 {[%clk 1:22:05]} 17. Bf5 {[%clk 1:05:41]} Be6
{[%clk 1:22:21]} 18. a4 {[%clk 1:02:11]} g5 {[%clk 1:22:23]} 19. Bxe6
{[%clk 0:20:52]} fxe6 {[%clk 1:22:38]} 20. Nf5 {[%clk 0:21:19]} exf5
{[%clk 1:21:40]} 21. Qxf5 {[%clk 0:18:47]} Ne6 {[%clk 1:21:35]} 22. f4
{[%clk 0:17:17]} Rf8 {[%clk 1:21:09]} 23. Qg4 {[%clk 0:17:40]} Qxg4
{[%clk 1:21:13]} 24. hxg4 {[%clk 0:18:08]} gxf4 {[%clk 1:21:16]} 25. b5
{[%clk 0:17:50]} c5 {[%clk 1:21:37]} 26. dxc5 {[%clk 0:16:19]} Bxc5
{[%clk 1:21:57]} 27. Rb3 {[%clk 0:16:47]} Bxe3+ {[%clk 1:21:45]} 0-1

[Event "World Chess Olympiad 2018"]
[Site "Batumi"]
[Date "2018.09.28"]
[Round "5"]
[Board "2"]
[WhiteFideId "22600124"]
[White "Jacob Jallah"]
[BlackFideId "1007220"]
[Black "Croes Octavio"]
[Result "0-1"]
[LiveChessVersion "1.4.8"]
[BlackElo "1805"]
[WhiteElo "1835"]

1. c4 {[%clk 1:30:45]} c5 {[%clk 1:30:52]} 2. Nc3 {[%clk 1:31:02]} Nc6
{[%clk 1:31:00]} 3. g3 {[%clk 1:31:17]} d6 {[%clk 1:30:49]} 4. Bg2
{[%clk 1:31:37]} Bd7 {[%clk 1:31:14]} 5. d3 g6 {[%clk 1:30:22]} 6. Nf3
{[%clk 1:31:39]} Bg7 {[%clk 1:30:47]} 7. O-O {[%clk 1:31:56]} Nf6
{[%clk 1:31:03]} 8. h3 {[%clk 1:32:04]} O-O {[%clk 1:31:21]} 9. Re1
{[%clk 1:31:52]} a6 {[%clk 1:30:47]} 10. Be3 {[%clk 1:31:56]} Rb8
{[%clk 1:29:40]} 11. a4 {[%clk 1:31:32]} e6 {[%clk 1:23:24]} 12. Rb1
{[%clk 1:31:23]} Qe7 {[%clk 1:23:26]} 13. Qd2 Rfd8 14. Bh6 {[%clk 1:25:18]} d5
{[%clk 1:20:51]} 15. Bxg7 {[%clk 1:24:26]} Kxg7 {[%clk 1:21:15]} 16. cxd5
{[%clk 1:24:37]} exd5 {[%clk 1:19:52]} 17. e4 {[%clk 1:17:57]} dxe4
{[%clk 1:13:49]} 18. Nxe4 {[%clk 1:18:09]} Nxe4 {[%clk 1:12:19]} 19. dxe4
{[%clk 1:15:33]} Kg8 {[%clk 1:06:12]} 20. Qh6 {[%clk 1:12:34]} Qf8
{[%clk 0:53:09]} 21. Qf4 {[%clk 1:12:32]} Nb4 {[%clk 0:52:20]} 22. Ne5
{[%clk 1:03:30]} Bxa4 {[%clk 0:44:31]} 23. Bf1 {[%clk 0:56:18]} Bb3
{[%clk 0:31:51]} 24. Ng4 {[%clk 0:47:27]} Nc6 {[%clk 0:31:33]} 25. Rbc1
{[%clk 0:39:01]} Qe7 {[%clk 0:24:21]} 26. Nf6+ {[%clk 0:38:38]} Kg7
{[%clk 0:23:50]} 27. Ng4 {[%clk 0:26:30]} g5 {[%clk 0:19:07]} 28. Qf3
{[%clk 0:25:10]} Nd4 {[%clk 0:16:55]} 29. Qc3 {[%clk 0:24:48]} Be6
{[%clk 0:14:03]} 30. Ne3 {[%clk 0:21:40]} Qf6 {[%clk 0:12:16]} 31. Bg2
{[%clk 0:18:38]} Rbc8 {[%clk 0:12:35]} 32. g4 {[%clk 0:11:57]} b5
{[%clk 0:09:37]} 33. Qa3 {[%clk 0:10:17]} Bb3 {[%clk 0:07:08]} 34. Nf5+
{[%clk 0:09:18]} Nxf5 {[%clk 0:07:17]} 35. gxf5 {[%clk 0:08:47]} Bc4
{[%clk 0:07:04]} 36. Rcd1 {[%clk 0:06:48]} b4 {[%clk 0:05:18]} 37. Qg3
{[%clk 0:05:44]} h6 {[%clk 0:04:32]} 38. b3 {[%clk 0:05:33]} Bb5 {[%clk 0:04:41]}
39. Kh2 {[%clk 0:04:44]} Rd4 {[%clk 0:03:18]} 40. Qf3 {[%clk 0:03:08]} Qe5+
{[%clk 0:03:12]} 41. Kg1 {[%clk 0:33:14]} Rcd8 {[%clk 0:33:22]} 42. Qh5
{[%clk 0:31:35]} c4 {[%clk 0:30:54]} 43. bxc4 {[%clk 0:31:02]} Bxc4
{[%clk 0:31:12]} 44. Rc1 {[%clk 0:30:14]} b3 {[%clk 0:29:15]} 45. Qf3
{[%clk 0:25:27]} Rd3 {[%clk 0:25:32]} 46. Qh5 {[%clk 0:24:00]} Rc3
{[%clk 0:23:33]} 47. f6+ {[%clk 0:23:28]} Kh7 {[%clk 0:21:56]} 48. f4
{[%clk 0:14:05]} Qd4+ {[%clk 0:19:58]} 49. Kh2 {[%clk 0:12:50]} Rxc1
{[%clk 0:17:44]} 50. Rxc1 {[%clk 0:11:48]} b2 {[%clk 0:17:58]} 51. Rf1
{[%clk 0:07:31]} Qxf6 {[%clk 0:14:49]} 52. e5 {[%clk 0:04:56]} Qg6
{[%clk 0:14:43]} 53. Qxg6+ {[%clk 0:05:13]} fxg6 {[%clk 0:14:44]} 54. Rb1
{[%clk 0:03:27]} Rd2 {[%clk 0:15:01]} 0-1

[Event "Wolrd Chess Olympiad 2018"]
[Site "Batumi"]
[Date "2018.09.28"]
[Round "5"]
[Board "1"]
[WhiteFideId "10000127"]
[White "Kawuma Patrick"]
[BlackFideId "10400222"]
[Black "Karelina Polina"]
[Result "1-0"]
[LiveChessVersion "1.4.8"]
[BlackElo "1631"]
[WhiteElo "2329"]

1. c4 {[%clk 1:30:57]} Nf6 {[%clk 1:30:35]} 2. Nf3 {[%clk 1:31:12]} g6
{[%clk 1:30:53]} 3. g3 {[%clk 1:31:23]} Bg7 {[%clk 1:31:09]} 4. Bg2
{[%clk 1:31:47]} O-O {[%clk 1:31:27]} 5. d4 {[%clk 1:32:03]} d6 {[%clk 1:30:57]}
6. O-O {[%clk 1:32:27]} Nbd7 {[%clk 1:30:32]} 7. Nc3 {[%clk 1:32:50]} e5
{[%clk 1:30:23]} 8. e4 {[%clk 1:33:13]} a5 {[%clk 1:24:29]} 9. Re1
{[%clk 1:24:40]} Re8 {[%clk 1:22:24]} 10. h3 {[%clk 1:23:15]} exd4
{[%clk 1:18:32]} 11. Nxd4 {[%clk 1:23:36]} Nc5 {[%clk 1:17:15]} 12. Qc2
{[%clk 1:23:32]} Nfxe4 {[%clk 1:09:38]} 13. Nxe4 {[%clk 1:23:45]} Bxd4
{[%clk 1:09:49]} 14. Bg5 {[%clk 1:24:09]} Qd7 {[%clk 1:05:32]} 15. Nf6+
{[%clk 1:24:31]} Bxf6 {[%clk 1:05:38]} 16. Bxf6 {[%clk 1:24:55]} Re6
{[%clk 0:58:30]} 17. Bc3 {[%clk 1:24:59]} c6 {[%clk 0:55:46]} 18. Qd2
{[%clk 1:22:17]} Qc7 {[%clk 0:52:08]} 19. Qd4 {[%clk 1:18:00]} f6
{[%clk 0:48:13]} 20. Rxe6 {[%clk 1:15:52]} Nxe6 {[%clk 0:48:26]} 21. Qxf6
{[%clk 1:16:15]} Qg7 {[%clk 0:48:20]} 22. Qh4 {[%clk 1:08:12]} Qf7
{[%clk 0:45:52]} 23. Re1 {[%clk 1:07:31]} Bd7 {[%clk 0:45:38]} 24. Re3
{[%clk 0:57:19]} Qf5 {[%clk 0:28:22]} 25. Qe7 {[%clk 0:54:24]} Rd8
{[%clk 0:23:27]} 26. Rxe6 {[%clk 0:54:10]} 1-0